Agricultural credit and rural savings: II (Record no. 477275)

000 -LEADER
fixed length control field 00467cam a22001337a 4500
008 - FIXED-LENGTH DATA ELEMENTS--GENERAL INFORMATION
fixed length control field 180718b1976 xxu||||| |||| 00| 0 eng d
082 ## - DEWEY DECIMAL CLASSIFICATION NUMBER
Classification number A2:Z442 Oh3
245 ## - TITLE STATEMENT
Title Agricultural credit and rural savings: II
260 ## - PUBLICATION, DISTRIBUTION, ETC.
Place of publication, distribution, etc. Columbus
Name of publisher, distributor, etc. The Department
Date of publication, distribution, etc. 1976
300 ## - PHYSICAL DESCRIPTION
Extent 69p.
440 ## - SERIES STATEMENT/ADDED ENTRY--TITLE
Title AID Bibliography Series: Agriculture No 8.
650 ## - SUBJECT ADDED ENTRY--TOPICAL TERM
Topical term or geographic name entry element Agricultural credit - Bibliography
700 ## - ADDED ENTRY--PERSONAL NAME
Personal name United States. Ohio University. Department of Agriculture and Rural Sociology
Holdings
Withdrawn status Lost status Damaged status Not for loan Permanent Location Current Location Date acquired Full call number Barcode Date last seen Price effective from Koha item type
        Indian Institute of Public Administration Indian Institute of Public Administration 2018-08-04 A2:Z442 Oh3 GR10002 2018-08-04 2018-08-04 GR

Powered by Koha